000 00284nam a2200121Ia 4500
008 190216s9999||||xx |||||||||||||| ||und||
100 _aSasidharan D*Valsalakumar N
245 0 _aText Of Botany
260 _bVidyarthimithram
_c1990
300 _a152p
650 _aBotany
942 _cBK
999 _c1426
_d1426